[Event "3rd Asia-ch"]
[Site "Kolkata IND"]
[Date "2001.08.11"]
[Round "3"]
[White "Hoang Thanh Trang"]
[Black "Mishra, Neeraj Kumar"]
[Result "1-0"]
[WhiteElo "2445"]
[BlackElo "2293"]
[EventDate "2001.08.09"]
[PlyCount "101"]

1.d4 Nf6 2.c4 e6 3.Nc3 Bb4 4.Qc2 O-O 5.a3 Bxc3+ 6.Qxc3 b6 7.Bg5 Bb7 8.Nf3 
d6 9.Nd2 c5 10.dxc5 bxc5 11.e3 Nbd7 12.f3 Qb6 13.Bd3 h6 14.Bh4 Bc6 15.O-O 
Rab8 16.Rab1 a5 17.Bg3 Ne8 18.Bc2 f5 19.Rfd1 e5 20.Nf1 Qa6 21.Be1 Nb6 22.
Bd3 a4 23.Ng3 Bd7 24.h4 Be6 25.Rbc1 Nc8 26.Qc2 Ne7 27.Ne2 Nc6 28.Nc3 Bxc4 
29.Bxc4+ Qxc4 30.Qxa4 Qxa4 31.Nxa4 f4 32.e4 Nd4 33.Rc4 Rb3 34.Kh2 Nc7 35.
Rc3 Rfb8 36.Rxb3 Rxb3 37.Ba5 Ncb5 38.Rc1 Kf7 39.h5 Nc6 40.Be1 Ke6 41.Rxc5 
Nbd4 42.Rc3 Rb8 43.b4 Kd7 44.Rd3 Na7 45.Nc3 Ra8 46.Nd5 Nc8 47.Rc3 Nb5 48.
Rxc8 Kxc8 49.Nb6+ Kb7 50.Nxa8 Nxa3 51.Bh4 1-0

[Event "3rd Asia-ch"]
[Site "Kolkata IND"]
[Date "2001.08.11"]
[Round "3"]
[White "Isaev, Jamshed"]
[Black "Safin, Shukhrat"]
[Result "0-1"]
[WhiteElo "2454"]
[BlackElo "2529"]
[EventDate "2001.08.09"]
[PlyCount "168"]

1.e4 e5 2.Nf3 Nc6 3.Bb5 a6 4.Ba4 d6 5.Bxc6+ bxc6 6.d4 f6 7.Be3 Ne7 8.Nc3 
Ng6 9.h4 h5 10.Qe2 Be7 11.O-O-O Bd7 12.dxe5 fxe5 13.Ng5 Qb8 14.Qc4 Bxg5 
15.hxg5 a5 16.a3 Qb7 17.g3 Nf8 18.f4 Be6 19.Qa4 Bg4 20.Rdf1 Nd7 21.f5 Rb8 
22.b3 Qa6 23.Kd2 d5 24.exd5 cxd5 25.Bc5 Kd8 26.f6 gxf6 27.Rxf6 Nxf6 28.
gxf6 d4 29.Be7+ Kc8 30.Nd1 Bd7 31.Qc4 Qxc4 32.bxc4 Be6 33.Re1 Bxc4 34.Rxe5
h4 35.gxh4 Rxh4 36.Rxa5 Rh2+ 37.Kc1 Ba2 38.Bb4 Rb6 39.Rf5 Bf7 40.Rf4 Rc6 
41.Nf2 d3 42.c3 Re6 43.Nxd3 Ree2 44.Rf1 Ra2 45.Kb1 Bg6 46.Rd1 Raf2 47.Kc1 
Rxf6 48.Ne1 Ra2 49.c4 Rff2 50.Rd2 Rfxd2 51.Bxd2 Rxa3 52.Kb2 Rg3 53.Nc2 
Bxc2 54.Kxc2 Kd7 55.Bc3 Kc6 56.Bd4 Rh3 57.Kd2 Kd6 58.Kc2 c6 59.Kd2 Ke6 60.
Kc2 Kf5 61.Bc3 Ke4 62.Bf6 Rf3 63.Bg7 Rd3 64.Bf6 Rg3 65.Bh8 Rg6 66.Kd2 Kf5 
67.Kd3 Ke6 68.Bd4 Kd6 69.Kd2 Rg2+ 70.Kd3 Ra2 71.Ke3 Rc2 72.Kd3 Ra2 73.Ke3 
Kc7 74.Kd3 Kb7 75.Kc3 Ka6 76.Kb3 Rg2 77.Be5 Re2 78.Bd4 Re4 79.Bc3 Rg4 80.
Bb4 Kb6 81.Be1 Rf4 82.Bb4 Rh4 83.Bd6 Rh3+ 84.Ka4 Rf3 0-1

[Event "3rd Asia-ch"]
[Site "Kolkata IND"]
[Date "2001.08.11"]
[Round "3"]
[White "Iuldachev, Saidali"]
[Black "Al-Sayed, Mohamad Naser"]
[Result "1-0"]
[WhiteElo "2508"]
[BlackElo "2299"]
[EventDate "2001.08.09"]
[PlyCount "73"]

1.e4 c5 2.Nc3 Nc6 3.f4 g6 4.Nf3 Bg7 5.Bb5 Nd4 6.O-O a6 7.Bd3 d6 8.Nd5 Bg4 
9.Be2 Bxf3 10.Bxf3 e6 11.Ne3 Ne7 12.c3 Nxf3+ 13.Qxf3 d5 14.d3 f5 15.exf5 
exf5 16.Bd2 O-O 17.Rae1 Qd7 18.Re2 Rad8 19.Rfe1 Nc6 20.Nc2 Kf7 21.Be3 b6 
22.d4 c4 23.Bf2 Rde8 24.Rxe8 Rxe8 25.Rxe8 Kxe8 26.Ne3 Ne7 27.Bh4 b5 28.Kf1
b4 29.Bxe7 bxc3 30.Ba3 Bf8 31.bxc3 Bxa3 32.Qxd5 Qb5 33.Qxc4 Qb1+ 34.Kf2 
Bf8 35.Nd5 Kd7 36.Qc7+ Ke6 37.Qc6+ 1-0

[Event "3rd Asia-ch"]
[Site "Kolkata IND"]
[Date "2001.08.11"]
[Round "3"]
[White "Izmukhambetov, Salauat"]
[Black "Villamayor, Buenaventura"]
[Result "1-0"]
[WhiteElo "2352"]
[BlackElo "2560"]
[EventDate "2001.08.09"]
[PlyCount "58"]

1.e4 d6 2.d4 Nf6 3.Nc3 g6 4.f4 Bg7 5.Nf3 c5 6.Bb5+ Bd7 7.e5 Ng4 8.h3 cxd4 
9.Qxd4 Bxb5 10.Nxb5 Qa5+ 11.Nc3 Nc6 12.Qe4 Nh6 13.g4 dxe5 14.fxe5 O-O 15.
Bd2 f5 16.exf6 exf6 17.O-O-O Nf7 18.Rhe1 Rad8 19.Kb1 f5 20.gxf5 Qxf5 21.
Qxf5 gxf5 22.Rg1 Kh8 23.Ne2 Nd6 24.Nf4 Rfe8 25.Nh5 Ne4 26.Nxg7 Nxd2+ 27.
Nxd2 Rg8 28.Nxf5 Rxg1 29.Rxg1 Rxd2 1-0

[Event "3rd Asia-ch"]
[Site "Kolkata IND"]
[Date "2001.08.11"]
[Round "3"]
[White "Kazhgaleev, Murtas"]
[Black "Sandipan, Chanda"]
[Result "1-0"]
[WhiteElo "2585"]
[BlackElo "2427"]
[EventDate "2001.08.09"]
[PlyCount "179"]

1.e4 c5 2.Nf3 e6 3.g3 d5 4.exd5 exd5 5.d4 Bd6 6.Bg2 Ne7 7.O-O Nbc6 8.dxc5 
Bxc5 9.Nbd2 O-O 10.Nb3 Bb6 11.Re1 d4 12.Ng5 Bf5 13.Ne4 Rc8 14.a3 Ne5 15.
Bf4 Nc4 16.Qf3 Qd7 17.h3 Ng6 18.Rab1 Bxh3 19.Bh6 Qf5 20.Bg5 Qxf3 21.Bxf3 
f6 22.Bc1 Rfe8 23.Nbd2 Nce5 24.Bd1 Rcd8 25.b4 d3 26.c4 Bd4 27.Bb2 Bxb2 28.
Rxb2 Nc6 29.Re3 f5 30.Ng5 Rxe3 31.fxe3 Bg4 32.Bb3 Nce5 33.Kf2 h6 34.c5+ 
Kh8 35.Ne6 Rc8 36.Nd4 Ne7 37.Nc4 N7c6 38.Nd6 Rb8 39.Rd2 Ne7 40.Nf7+ Nxf7 
41.Bxf7 g5 42.Rxd3 Rf8 43.Be6 h5 44.Nf3 Bxf3 45.Kxf3 Nc6 46.Rd5 Rf6 47.Bc8
Rf7 48.b5 Na5 49.Rd7 Rxd7 50.Bxd7 Kg7 51.Bxf5 Kf6 52.Ke4 Nc4 53.a4 b6 54.
cxb6 axb6 55.Bh3 g4 56.Bg2 Ke6 57.Kf4 Kd6 58.Bf1 Nb2 59.Kg5 Nd1 60.e4 Nc3 
61.Kxh5 Nxa4 62.Kxg4 Ke5 63.Bd3 Nc5 64.Bc2 Ne6 65.Kh5 Nc7 66.g4 Nxb5 67.g5
Nd6 68.g6 Kf6 69.Kh6 Ne8 70.Ba4 Nd6 71.Bc6 Nc8 72.g7 Ne7 73.Ba4 Ke5 74.Bc2
Kd4 75.Kh7 Kc3 76.Bb1 Kb2 77.g8=Q Nxg8 78.Kxg8 Kxb1 79.e5 b5 80.e6 b4 81.
e7 b3 82.e8=Q b2 83.Kf7 Ka2 84.Qa4+ Kb1 85.Ke6 Kc1 86.Qc4+ Kd1 87.Qb3+ Kc1
88.Qc3+ Kb1 89.Ke5 Ka2 90.Qc2 1-0

[Event "3rd Asia-ch"]
[Site "Kolkata IND"]
[Date "2001.08.11"]
[Round "3"]
[White "Kostenko, Petr"]
[Black "Mahjoob, Morteza"]
[Result "0-1"]
[WhiteElo "2494"]
[BlackElo "2335"]
[EventDate "2001.08.09"]
[PlyCount "48"]

1.e4 c5 2.Nf3 e6 3.d4 cxd4 4.Nxd4 a6 5.Bd3 Qc7 6.O-O Nf6 7.Qe2 d6 8.c4 
Nbd7 9.Nc3 Ne5 10.b3 b5 11.Bb1 bxc4 12.Bb2 cxb3 13.axb3 Be7 14.Rc1 Qb7 15.
Ncb5 axb5 16.Qxb5+ Qxb5 17.Rxa8 Qd7 18.Rcxc8+ Bd8 19.b4 O-O 20.Bc2 Be7 21.
Rxf8+ Bxf8 22.b5 Qb7 23.Ra6 Nxe4 24.Ba3 Nc5 0-1

[Event "3rd Asia-ch"]
[Site "Kolkata IND"]
[Date "2001.08.11"]
[Round "3"]
[White "Liang Chong"]
[Black "Lodhi, Mahmood"]
[Result "1-0"]
[WhiteElo "2556"]
[BlackElo "2410"]
[EventDate "2001.08.09"]
[PlyCount "57"]

1.d4 d5 2.c4 c6 3.Nc3 e6 4.Nf3 Nf6 5.cxd5 exd5 6.Bg5 h6 7.Bh4 Be7 8.Qc2 
O-O 9.e3 Re8 10.Bd3 Nbd7 11.Bg3 Nf8 12.O-O b6 13.Ne5 Bb7 14.Qa4 b5 15.Qc2 
Nh5 16.Ne2 Rc8 17.f4 Nxg3 18.Nxg3 Bd6 19.Rf3 f6 20.Ng6 c5 21.Qf2 cxd4 22.
exd4 Qb6 23.Nf5 Nxg6 24.Qg3 Rc7 25.Qxg6 Re4 26.Nxh6+ Kf8 27.Nf5 Rxd4 28.
Kh1 Rxd3 29.Rxd3 1-0

[Event "3rd Asia-ch"]
[Site "Kolkata IND"]
[Date "2001.08.11"]
[Round "3"]
[White "Liang Jinrong"]
[Black "Garma, Chito"]
[Result "1-0"]
[WhiteElo "2510"]
[BlackElo "2409"]
[EventDate "2001.08.09"]
[PlyCount "68"]

1.e4 e6 2.d4 d5 3.Nd2 Nf6 4.e5 Nfd7 5.Bd3 c5 6.c3 Nc6 7.Ne2 Qb6 8.Nf3 cxd4
9.cxd4 f6 10.exf6 Nxf6 11.O-O Bd6 12.Nc3 O-O 13.Be3 Bd7 14.a3 Rac8 15.Na4 
Qc7 16.Rc1 Be8 17.Nc5 Qe7 18.b4 Bh5 19.Be2 b6 20.Nb3 a6 21.Ne5 Bxe2 22.
Qxe2 Nxe5 23.dxe5 Bxe5 24.Bxb6 Bxh2+ 25.Kxh2 Rxc1 26.Rxc1 Qd6+ 27.Kh1 Qxb6
28.Na5 Ne4 29.Qe3 Qd6 30.Nb7 Qe5 31.Nc5 Rc8 32.Re1 Ra8 33.f3 Qb2 34.fxe4 
Qxa3 1-0

[Event "3rd Asia-ch"]
[Site "Kolkata IND"]
[Date "2001.08.11"]
[Round "3"]
[White "Magai, Vladimir"]
[Black "Konguvel, Ponnuswamy"]
[Result "1-0"]
[WhiteElo "2537"]
[BlackElo "2371"]
[EventDate "2001.08.09"]
[PlyCount "75"]

1.d4 Nf6 2.c4 g6 3.Nc3 d5 4.cxd5 Nxd5 5.e4 Nxc3 6.bxc3 Bg7 7.Nf3 c5 8.Rb1 
O-O 9.Be2 cxd4 10.cxd4 Qa5+ 11.Bd2 Qxa2 12.O-O a5 13.Bg5 a4 14.Re1 Bg4 15.
Bxe7 Rc8 16.e5 Nc6 17.Bd6 a3 18.d5 Nd8 19.Ra1 Qb2 20.Nd4 Rc4 21.Nf3 Re4 
22.Qd3 Bxf3 23.Qxf3 Rxe5 24.Bxa3 Qc2 25.Bf1 f5 26.Rac1 Qa4 27.Be7 Rxe1 28.
Rxe1 Qa5 29.Rd1 b5 30.d6 b4 31.d7 Rb8 32.Bd6 Rb7 33.Qe3 h5 34.Qe8+ Kh7 35.
Bc4 Qa4 36.Qg8+ Kh6 37.Bf4+ g5 38.Rd6+ 1-0

[Event "3rd Asia-ch"]
[Site "Kolkata IND"]
[Date "2001.08.11"]
[Round "3"]
[White "Moradiabadi, Elshan"]
[Black "Barua, Dibyendu"]
[Result "0-1"]
[WhiteElo "2404"]
[BlackElo "2499"]
[EventDate "2001.08.09"]
[PlyCount "60"]

1.d4 d5 2.c4 e6 3.Nf3 Nf6 4.Bg5 c6 5.Qc2 Nbd7 6.cxd5 exd5 7.Nc3 Qa5 8.Nd2 
Be7 9.e3 O-O 10.Bd3 Re8 11.O-O Nf8 12.Rab1 Be6 13.Nf3 Rac8 14.a3 c5 15.
dxc5 Qxc5 16.Nd4 Ng4 17.Bxe7 Rxe7 18.h3 Ne5 19.f4 Nxd3 20.Qxd3 Bd7 21.Rfe1
Qd6 22.Rbd1 Rce8 23.Nc2 Bc6 24.b4 a6 25.a4 Rc7 26.b5 axb5 27.axb5 Bd7 28.
Nxd5 Rc5 29.b6 Ba4 30.Re2 Bb5 0-1

[Event "3rd Asia-ch"]
[Site "Kolkata IND"]
[Date "2001.08.11"]
[Round "3"]
[White "Nadera, Barlo"]
[Black "Barsov, Alexei"]
[Result "0-1"]
[WhiteElo "2421"]
[BlackElo "2495"]
[EventDate "2001.08.09"]
[PlyCount "78"]

1.d4 Nf6 2.c4 e6 3.Nc3 Bb4 4.Qc2 c5 5.dxc5 O-O 6.a3 Bxc5 7.Nf3 b6 8.Bg5 
Bb7 9.e4 h6 10.Bh4 Be7 11.Be2 Nh5 12.Bxe7 Qxe7 13.g3 Nc6 14.O-O-O d6 15.
Rd2 Nf6 16.h3 Rac8 17.Rhd1 Na5 18.Rxd6 Nxc4 19.Bxc4 Rxc4 20.Ne5 Bxe4 21.
Nxc4 Bxc2 22.Kxc2 Rc8 23.Kb3 Rc5 24.f4 Nd5 25.Nxd5 exd5 26.R1xd5 b5 27.
Rd8+ Kh7 28.Rxc5 Qxc5 29.Nd2 Qe3+ 30.Kc2 Qxg3 31.Rd3 Qxf4 32.b4 f5 33.Nb3 
Qh2+ 34.Kc3 Qa2 35.Rd5 f4 36.Rf5 Qg2 37.Rxb5 Qxh3+ 38.Kc2 f3 39.Nd2 f2 0-1

[Event "3rd Asia-ch"]
[Site "Kolkata IND"]
[Date "2001.08.11"]
[Round "3"]
[White "Nazarov, Anvar"]
[Black "Sasikiran, Krishnan"]
[Result "0-1"]
[WhiteElo "2410"]
[BlackElo "2589"]
[EventDate "2001.08.09"]
[PlyCount "88"]

1.Nf3 c6 2.g3 d5 3.Bg2 Nf6 4.O-O Bg4 5.d3 Nbd7 6.Nbd2 e5 7.e4 Bd6 8.Qe2 
O-O 9.h3 Bh5 10.b3 Re8 11.a4 Qc7 12.g4 Bg6 13.Nh4 Nc5 14.Nxg6 hxg6 15.Rd1 
Rad8 16.Nf1 Ne6 17.c3 a5 18.Qc2 Bc5 19.Be3 d4 20.cxd4 Bxd4 21.Rab1 Nd7 22.
b4 axb4 23.Rxb4 Ndc5 24.Rc4 Qa5 25.Bd2 Qa7 26.Ne3 Nf4 27.Bf1 Nce6 28.Kh2 
Rd7 29.Rb1 Red8 30.Rcb4 Bc5 31.R4b2 Nxd3 32.Bxd3 Rxd3 33.Nd5 Rxd2 34.Qxd2 
cxd5 35.Rxb7 Qxa4 36.exd5 Nd4 37.Qc3 Bd6 38.Ra1 Nf3+ 39.Kg2 Nh4+ 40.Kf1 
Qe4 41.Raa7 Rf8 42.Rb5 Nf3 43.Rb6 Nd4 44.Qg3 Bc5 0-1

[Event "3rd Asia-ch"]
[Site "Kolkata IND"]
[Date "2001.08.11"]
[Round "3"]
[White "Nguyen Anh Dung"]
[Black "Al-Rakib, Abdullah"]
[Result "1/2-1/2"]
[WhiteElo "2533"]
[BlackElo "2393"]
[EventDate "2001.08.09"]
[PlyCount "20"]

1.d4 d5 2.c4 c6 3.cxd5 cxd5 4.Nc3 Nf6 5.Bf4 Nc6 6.e3 a6 7.Rc1 Bg4 8.Be2 
Bxe2 9.Ngxe2 e6 10.O-O Be7 1/2-1/2

[Event "3rd Asia-ch"]
[Site "Kolkata IND"]
[Date "2001.08.11"]
[Round "3"]
[White "Odeev, Handszar"]
[Black "Liu, Dede"]
[Result "1/2-1/2"]
[WhiteElo "2479"]
[BlackElo "2402"]
[EventDate "2001.08.09"]
[PlyCount "39"]

1.e4 c5 2.Nf3 d6 3.d4 cxd4 4.Nxd4 Nf6 5.Nc3 a6 6.a4 e6 7.Be3 Nc6 8.f4 Be7 
9.Qf3 Qc7 10.Bd3 O-O 11.Nb3 b6 12.O-O Bb7 13.Qh3 g6 14.f5 exf5 15.exf5 Ne5
16.Bh6 Rfe8 17.Rae1 Nfg4 18.Bd2 Qd8 19.Be2 Nf6 20.Nd4 1/2-1/2

[Event "3rd Asia-ch"]
[Site "Kolkata IND"]
[Date "2001.08.11"]
[Round "3"]
[White "Rahman, Syed Mahfuzur"]
[Black "Dableo, Ronald"]
[Result "1-0"]
[WhiteElo "2235"]
[BlackElo "2310"]
[EventDate "2001.08.09"]
[PlyCount "91"]

1.d4 d5 2.Nf3 Nf6 3.c4 c6 4.Nc3 a6 5.e3 b5 6.b3 Bg4 7.Qc2 e6 8.Ne5 Bf5 9.
Bd3 Bxd3 10.Qxd3 Nfd7 11.f4 f5 12.O-O Nxe5 13.fxe5 Nd7 14.cxd5 cxd5 15.
Nxd5 exd5 16.Qxf5 Qe7 17.e4 g6 18.Qg4 Nb6 19.Rf6 Qd7 20.Qe6+ Be7 21.Qf7+ 
Kd8 22.Rxb6 dxe4 23.Be3 Rf8 24.Qe6 Qxe6 25.Rxe6 Kd7 26.Rb6 Ba3 27.d5 Rf5 
28.Rb7+ Kc8 29.Rxh7 Rxe5 30.Rd1 Re7 31.Rh6 Rg7 32.Bd4 Re7 33.Be3 Rg7 34.
Rh4 Kd7 35.Rxe4 Rc8 36.Re6 Bd6 37.Rc1 Rxc1+ 38.Bxc1 Rh7 39.g3 Rh5 40.Bf4 
Bc5+ 41.Kg2 Rxd5 42.Rxg6 a5 43.Rg5 Ke6 44.Rxd5 Kxd5 45.Kf3 a4 46.Be3 1-0

[Event "3rd Asia-ch"]
[Site "Kolkata IND"]
[Date "2001.08.11"]
[Round "3"]
[White "Rahman, Ziaur"]
[Black "Kunte, Abhijit"]
[Result "1/2-1/2"]
[WhiteElo "2468"]
[BlackElo "2547"]
[EventDate "2001.08.09"]
[PlyCount "28"]

1.Nf3 Nf6 2.c4 e6 3.g3 d5 4.d4 Bb4+ 5.Bd2 Be7 6.Bg2 c6 7.Qc2 O-O 8.O-O b6 
9.Rd1 Ba6 10.b3 Nbd7 11.Bf4 Rc8 12.Nc3 Nh5 13.Bc1 f5 14.e3 Qe8 1/2-1/2

[Event "3rd Asia-ch"]
[Site "Kolkata IND"]
[Date "2001.08.11"]
[Round "3"]
[White "Ravi, Lanka"]
[Black "Abu Sufian, Shakil"]
[Result "1-0"]
[WhiteElo "2389"]
[BlackElo "2276"]
[EventDate "2001.08.09"]
[PlyCount "54"]

1.d4 Nf6 2.c4 c5 3.d5 e6 4.Nc3 exd5 5.cxd5 d6 6.e4 g6 7.h3 Bg7 8.Nf3 O-O 
9.Bd3 Na6 10.O-O Nc7 11.Re1 Re8 12.a4 a6 13.Bf4 Rb8 14.Bh2 b5 15.axb5 axb5
16.e5 dxe5 17.Nxe5 Bd7 18.Ra7 Ra8 19.Nxf7 Kxf7 20.Rxc7 c4 21.Bf1 Kg8 22.d6
Bf8 23.Rxe8 Qxe8 24.Bf4 Ra6 25.Nd5 Nh5 26.g4 Qe6 27.gxh5 Bxd6 1-0

[Event "3rd Asia-ch"]
[Site "Kolkata IND"]
[Date "2001.08.11"]
[Round "3"]
[White "Roghani, Arash"]
[Black "Egin, Vladimir"]
[Result "0-1"]
[WhiteElo "2294"]
[BlackElo "2451"]
[EventDate "2001.08.09"]
[PlyCount "128"]

1.d4 d5 2.c4 dxc4 3.e3 Nf6 4.Bxc4 e6 5.Nf3 c5 6.O-O a6 7.Bd3 Nc6 8.Nc3 
cxd4 9.exd4 Be7 10.Bg5 O-O 11.Rc1 Nd5 12.Nxd5 Bxg5 13.Nxg5 Qxg5 14.Nb6 Rb8
15.Qc2 h6 16.Qc5 Rd8 17.Bxa6 Qxc5 18.Rxc5 bxa6 19.Rxc6 Bb7 20.Rc4 Bxg2 21.
Kxg2 Rxb6 22.b3 Rd5 23.Re1 Rbd6 24.Re4 Kf8 25.Kf3 Ke7 26.Rc7+ Rd7 27.Rxd7+
Kxd7 28.Ke3 Kd6 29.h4 Rh5 30.Rg4 g6 31.Kd3 Rf5 32.Ke3 Rh5 33.Kd3 Kd5 34.
Re4 f6 35.f3 g5 36.hxg5 hxg5 37.Re1 Rh4 38.Ke3 Rxd4 39.Rh1 Ke5 40.Rc1 f5 
41.Rc5+ Rd5 42.Rc6 Rd6 43.Rc5+ Kf6 44.b4 f4+ 45.Ke2 e5 46.Rc3 Re6 47.Rb3 
e4 48.fxe4 Rxe4+ 49.Kf1 Ke6 50.a4 Kd7 51.Kf2 g4 52.Rb1 Kc7 53.Rb3 Rc4 54.
Rb2 Kb6 55.Kg2 Kb7 56.Kf2 Rc3 57.b5 a5 58.Rd2 Rc4 59.Ra2 Kb6 60.Kg2 Rb4 
61.Kf2 Kc5 62.Kg2 Kc4 63.Kf2 Kb3 64.Ra1 Kb2 0-1

[Event "3rd Asia-ch"]
[Site "Kolkata IND"]
[Date "2001.08.11"]
[Round "3"]
[White "Sadvakasov, Darmen"]
[Black "Vakhidov, Tahir"]
[Result "0-1"]
[WhiteElo "2568"]
[BlackElo "2474"]
[EventDate "2001.08.09"]
[PlyCount "64"]

1.e4 e5 2.Nf3 Nf6 3.Nxe5 d6 4.Nf3 Nxe4 5.d4 d5 6.Bd3 Bd6 7.O-O O-O 8.c4 c6
9.cxd5 cxd5 10.Nc3 Nxc3 11.bxc3 Bg4 12.Rb1 Nd7 13.h3 Bh5 14.Rb5 Nb6 15.c4 
Bxf3 16.Qxf3 dxc4 17.Bc2 Qd7 18.a4 Rfe8 19.Bf5 Qc7 20.a5 Qc6 21.Bxh7+ Kxh7
22.Qh5+ Kg8 23.axb6 axb6 24.Be3 Ra5 25.Rxa5 bxa5 26.Qxa5 b5 27.Ra1 c3 28.
Qa2 b4 29.Qb3 Rc8 30.Kf1 c2 31.Ke2 Qxg2 32.Kd2 Bf4 0-1

[Event "3rd Asia-ch"]
[Site "Kolkata IND"]
[Date "2001.08.11"]
[Round "3"]
[White "Sriram, Jha"]
[Black "Annageldiev, Orazly"]
[Result "1-0"]
[WhiteElo "2399"]
[BlackElo "2485"]
[EventDate "2001.08.09"]
[PlyCount "79"]

1.d4 Nf6 2.c4 e6 3.Nc3 Bb4 4.e3 b6 5.Ne2 Bb7 6.a3 Be7 7.Ng3 O-O 8.d5 d6 9.
e4 c6 10.Be2 Re8 11.O-O Nbd7 12.Bf4 cxd5 13.cxd5 e5 14.Be3 g6 15.Bh6 Bf8 
16.Bxf8 Rxf8 17.b4 a6 18.Qd2 Qe7 19.Rfc1 Rfc8 20.Ra2 h5 21.Rac2 b5 22.Qe3 
Qd8 23.Nf1 Nb6 24.Nd2 Ng4 25.Qf3 Qg5 26.h3 Nf6 27.Nb3 Rxc3 28.Rxc3 Nxe4 
29.Qxe4 Bxd5 30.f4 exf4 31.h4 Qxh4 32.Qd4 Re8 33.Bf1 Qg5 34.Qxb6 Bxg2 35.
Bxg2 Re2 36.Qb7 Qh4 37.Qf3 Re5 38.Kf1 Rf5 39.Nd4 Rf6 40.Rc8+ 1-0

[Event "3rd Asia-ch"]
[Site "Kolkata IND"]
[Date "2001.08.11"]
[Round "3"]
[White "Thipsay, Praveen Mahadeo"]
[Black "Ghaem Maghami, Ehsan"]
[Result "1/2-1/2"]
[WhiteElo "2453"]
[BlackElo "2509"]
[EventDate "2001.08.09"]
[PlyCount "45"]

1.e4 c5 2.Nf3 d6 3.d4 cxd4 4.Nxd4 Nf6 5.Nc3 a6 6.Be2 e5 7.Nb3 Be7 8.O-O 
Be6 9.f4 Qc7 10.a4 Nbd7 11.Be3 exf4 12.Rxf4 O-O 13.a5 Rfe8 14.Kh1 Rac8 15.
Nd4 Bf8 16.Qd2 Ne5 17.Nxe6 fxe6 18.Bb6 Qc6 19.Bd4 Be7 20.Qe3 Nfd7 21.Qh3 
Bf6 22.Rff1 Ng6 23.Rad1 1/2-1/2

[Event "3rd Asia-ch"]
[Site "Kolkata IND"]
[Date "2001.08.11"]
[Round "3"]
[White "Vladimirov, Evgeny"]
[Black "Paragua, Mark"]
[Result "1/2-1/2"]
[WhiteElo "2612"]
[BlackElo "2444"]
[EventDate "2001.08.09"]
[PlyCount "88"]

1.d4 Nf6 2.c4 g6 3.Nc3 Bg7 4.e4 d6 5.Be2 O-O 6.Nf3 e5 7.O-O Nbd7 8.Qc2 c6 
9.Rd1 Qe7 10.d5 c5 11.Bg5 h6 12.Bd2 Ne8 13.g3 f5 14.Nh4 Qf7 15.exf5 gxf5 
16.f4 e4 17.g4 fxg4 18.Nxe4 Bd4+ 19.Kh1 Ndf6 20.Ng3 Ng7 21.Bd3 Nfh5 22.Re1
Nxg3+ 23.hxg3 Nf5 24.Bxf5 Bxf5 25.Qxf5 Qxf5 26.Nxf5 Rxf5 27.Re6 Rf6 28.
Rae1 Raf8 29.Kg2 Kg7 30.b3 h5 31.a4 b6 32.Rxf6 Rxf6 33.a5 bxa5 34.Bxa5 Rf7
35.Bd8 Bf6 36.Bxf6+ Rxf6 37.Kf2 Rf7 38.Re3 Rb7 39.Re6 Rxb3 40.Rxd6 Rf3+ 
41.Kg2 Rc3 42.Ra6 Rxc4 43.Rxa7+ Kg6 44.Ra6+ Kg7 1/2-1/2

[Event "3rd Asia-ch"]
[Site "Kolkata IND"]
[Date "2001.08.11"]
[Round "3"]
[White "Wang Yue"]
[Black "Djao Thien Hai"]
[Result "1-0"]
[WhiteElo "2466"]
[BlackElo "2572"]
[EventDate "2001.08.09"]
[PlyCount "125"]

1.d4 Nf6 2.Bg5 Ne4 3.Bf4 c5 4.f3 Nf6 5.dxc5 Qa5+ 6.Qd2 Qxc5 7.Nc3 g6 8.e4 
Bg7 9.Be3 Qc6 10.e5 Ng8 11.f4 b6 12.Bb5 Qb7 13.Nf3 Nh6 14.Bd3 Nc6 15.Be4 
Ng4 16.O-O-O f5 17.Bd5 e6 18.Nb5 O-O 19.Nd6 Qc7 20.Bb3 Na5 21.Kb1 Ba6 22.
Bd4 Nb7 23.h3 Nh6 24.Ng5 Rad8 25.Qe3 Qc6 26.Bc3 Nc5 27.Rd2 Ra8 28.Rhd1 
Rfb8 29.g3 Bf8 30.a3 Be7 31.Ba2 Rd8 32.b4 Na4 33.Ba1 b5 34.Qd4 Nb6 35.Rd3 
Nc4 36.a4 Rab8 37.axb5 Bxb5 38.Bxc4 Bxc4 39.Qxc4 Qxc4 40.Nxc4 Rxb4+ 41.Nb2
Bxg5 42.fxg5 Nf7 43.Rxd7 Rxd7 44.Rxd7 Nxg5 45.Kc1 Nxh3 46.Nd3 Rg4 47.Bd4 
Rxg3 48.Bxa7 f4 49.c4 f3 50.Bd4 f2 51.Bxf2 Nxf2 52.Nxf2 Rc3+ 53.Kd2 Rxc4 
54.Ke3 h5 55.Ne4 h4 56.Nf6+ Kf8 57.Rh7 g5 58.Rh5 h3 59.Kf3 Rh4 60.Kg3 Rxh5
61.Nxh5 Kf7 62.Kxh3 Kg6 63.Kg4 1-0

[Event "3rd Asia-ch"]
[Site "Kolkata IND"]
[Date "2001.08.11"]
[Round "3"]
[White "Wohl, Aleksandar"]
[Black "Wang Zili"]
[Result "0-1"]
[WhiteElo "2371"]
[BlackElo "2557"]
[EventDate "2001.08.09"]
[PlyCount "80"]

1.e4 c5 2.Nf3 d6 3.d4 cxd4 4.Nxd4 Nf6 5.Nc3 Nc6 6.Bc4 Qb6 7.Ndb5 a6 8.Be3 
Qa5 9.Nd4 e6 10.O-O Be7 11.Bb3 O-O 12.f4 Bd7 13.Qe1 Rae8 14.Qg3 Qh5 15.f5 
Nxd4 16.Bxd4 exf5 17.Nd5 Qg6 18.exf5 Bxf5 19.Nxf6+ Bxf6 20.Bxf6 Qxf6 21.
Rfd1 Re5 22.Rd2 Qe7 23.Rad1 Bg4 24.Rf1 Bh5 25.h3 Kh8 26.Qf4 f5 27.Qd4 Rf6 
28.Qh4 Qe8 29.Qd4 h6 30.Qb6 Qe7 31.Bd5 Be2 32.Rf2 Bb5 33.Qxb7 Re1+ 34.Kh2 
Qe5+ 35.g3 f4 36.Qc8+ Be8 37.Qg4 h5 38.gxf4 Qxd5 39.Qxg7+ Kxg7 40.Rxd5 h4 
0-1

[Event "3rd Asia-ch"]
[Site "Kolkata IND"]
[Date "2001.08.11"]
[Round "3"]
[White "Wu Wenjin"]
[Black "Ganguly, Surya Shekhar"]
[Result "1-0"]
[WhiteElo "2560"]
[BlackElo "2464"]
[EventDate "2001.08.09"]
[PlyCount "71"]

1.c4 e5 2.Nc3 Nf6 3.g3 d5 4.cxd5 Nxd5 5.Bg2 Nb6 6.Nf3 Nc6 7.Rb1 Be7 8.O-O 
g5 9.a3 h5 10.b4 h4 11.b5 Nd4 12.e3 Bf5 13.exd4 exd4 14.Ne4 Bxe4 15.d3 Bd5
16.Re1 Kf8 17.Rxe7 Qxe7 18.Bxg5 Qxa3 19.Bd2 a5 20.bxa6 Qxa6 21.Bb4+ Kg8 
22.Nxd4 Rh7 23.Nf5 f6 24.Qg4+ Kh8 25.Qd4 Nd7 26.Qxd5 h3 27.Be4 Qa2 28.Qxa2
Rxa2 29.Bxb7 Ne5 30.Be4 Rh5 31.Ne3 Nd7 32.Bc3 Rc5 33.Bd4 Rca5 34.Bf5 c5 
35.Bc3 R5a3 36.Bb2 1-0

[Event "3rd Asia-ch"]
[Site "Kolkata IND"]
[Date "2001.08.11"]
[Round "3"]
[White "Xu Jun"]
[Black "Li Wenliang"]
[Result "1-0"]
[WhiteElo "2646"]
[BlackElo "2494"]
[EventDate "2001.08.09"]
[PlyCount "149"]

1.d4 Nf6 2.c4 e6 3.Nc3 Bb4 4.Nf3 d5 5.Bg5 Nbd7 6.cxd5 exd5 7.e3 c5 8.Bd3 
Qa5 9.Qc2 c4 10.Bf5 O-O 11.O-O Re8 12.Nd2 g6 13.Bxd7 Nxd7 14.Rae1 Nb6 15.
f3 Bd7 16.h4 Bxc3 17.bxc3 Ba4 18.Qc1 Bc6 19.Rf2 Na4 20.Nb1 Re6 21.Rfe2 
Rae8 22.Qc2 b5 23.a3 Qc7 24.e4 Qg3 25.e5 h6 26.Bxh6 Qxh4 27.Qc1 f6 28.Bf4 
g5 29.Bh2 f5 30.Nd2 Bd7 31.Nf1 Rh6 32.e6 Rhxe6 33.Be5 Rh6 34.Bh2 Rhe6 35.
Re5 Rxe5 36.Bxe5 Kf7 37.Re2 Rg8 38.Ne3 Be6 39.g3 Qh5 40.g4 Qg6 41.gxf5 
Bxf5 42.Ng4 Re8 43.Rh2 Bxg4 44.fxg4 Ke6 45.Rf2 Re7 46.Rf6+ Qxf6 47.Bxf6 
Kxf6 48.Qf1+ Ke6 49.Qf3 Kd6 50.Kg2 a6 51.Qf6+ Kd7 52.Qf5+ Kd6 53.Qxg5 Nxc3
54.Qf6+ Re6 55.Qd8+ Kc6 56.g5 Ne2 57.Qc8+ Kd6 58.Qc5+ Kd7 59.Qxd5+ Rd6 60.
Qf7+ Kd8 61.Qf8+ Kd7 62.Qf7+ Kd8 63.d5 c3 64.Qf8+ Kd7 65.Kf2 Rxd5 66.Kxe2 
c2 67.Qf7+ Kd6 68.Qf4+ Ke6 69.g6 Rf5 70.Qh6 Rh5 71.Qf4 Rh2+ 72.Kd3 Rg2 73.
g7 c1=Q 74.Qxc1 Rxg7 75.Qh6+ 1-0

[Event "3rd Asia-ch"]
[Site "Kolkata IND"]
[Date "2001.08.11"]
[Round "3"]
[White "Yurtaev, Leonid"]
[Black "Prasad, Devaki"]
[Result "1-0"]
[WhiteElo "2543"]
[BlackElo "2440"]
[EventDate "2001.08.09"]
[PlyCount "49"]

1.e4 c5 2.Nf3 Nc6 3.d4 cxd4 4.Nxd4 e6 5.Nc3 Qc7 6.g3 Nf6 7.Ndb5 Qb8 8.Bf4 
Ne5 9.Be2 a6 10.Qd4 d6 11.O-O-O axb5 12.Bxe5 Be7 13.Bxb5+ Bd7 14.Bxd7+ 
Nxd7 15.Bxd6 Bxd6 16.Qxd6 Qxd6 17.Rxd6 Ke7 18.Rhd1 Nc5 19.b4 Na4 20.Nb5 
Rhd8 21.Rxd8 Rxd8 22.Rxd8 Kxd8 23.c4 Kd7 24.Kc2 Nb6 25.Kd3 1-0

[Event "3rd Asia-ch"]
[Site "Kolkata IND"]
[Date "2001.08.11"]
[Round "3"]
[White "Zagrebelny, Sergei"]
[Black "Kotsur, Pavel"]
[Result "0-1"]
[WhiteElo "2466"]
[BlackElo "2600"]
[EventDate "2001.08.09"]
[PlyCount "80"]

1.e4 c5 2.Nf3 d6 3.d4 cxd4 4.Nxd4 Nf6 5.Nc3 Nc6 6.Be2 g6 7.Nb3 Bg7 8.O-O 
O-O 9.Bg5 a6 10.f4 b5 11.Bf3 Bb7 12.Kh1 Nd7 13.Qe1 a5 14.Nxb5 a4 15.Nd2 
Qb8 16.c4 a3 17.b3 h6 18.Bh4 Bxa1 19.Qxa1 e5 20.f5 Nc5 21.Qc3 Ba6 22.Qe3 
Kh7 23.Nc3 Nb4 24.Be2 Rg8 25.Qh3 g5 26.Bf2 Bb7 27.Rd1 Bc6 28.Nd5 Bxd5 29.
exd5 Nxa2 30.Bxc5 dxc5 31.Ne4 Qd8 32.f6 Nb4 33.Bg4 a2 34.Bf5+ Rg6 35.Nxg5+
Kg8 36.Bxg6 Qxf6 37.Bxf7+ Kh8 38.Qc3 hxg5 39.Be6 Kg7 40.h3 e4 0-1

[Event "3rd Asia-ch"]
[Site "Kolkata IND"]
[Date "2001.08.11"]
[Round "3"]
[White "Zhang Pengxiang"]
[Black "Peng Xiaomin"]
[Result "1/2-1/2"]
[WhiteElo "2487"]
[BlackElo "2629"]
[EventDate "2001.08.09"]
[PlyCount "45"]

1.e4 e5 2.Nf3 Nc6 3.Bc4 Nf6 4.d3 Bc5 5.O-O a6 6.c3 d6 7.Bb3 O-O 8.Nbd2 Ba7
9.h3 h6 10.Re1 Nh5 11.Nf1 Qf6 12.Ne3 Nf4 13.Ng4 Qg6 14.Bxf4 exf4 15.Nh4 
Qg5 16.Nf3 Bxg4 17.hxg4 Qxg4 18.d4 Ne7 19.e5 d5 20.Qd2 Rad8 21.Nh2 Qg5 22.
Nf3 Qg4 23.Nh2 1/2-1/2